000
00254nam a22001217a 4500
082
_a
158
_b
BAN/D
100
_a
BAN
245
_a
C.NNECT THE D.TS
260
_a
NEW DELHI
_b
WESTLAND
300
_a
334
650
_a
PERSONALITY DVELOPMENT
_z
DELHI
942
_c
BK
999
_c
5229
_d
5229